Normal view
MARC view
Entry Personal Name
001 - CONTROL NUMBER
- control field: 9492
003 - CONTROL NUMBER IDENTIFIER
- control field: OSt
005 - DATE AND TIME OF LATEST TRANSACTION
- control field: 20150909124857.0
008 - FIXED-LENGTH DATA ELEMENTS
- fixed length control field: 150909|| aca||aabn | a|a d
040 ## - CATALOGING SOURCE
- Original cataloging agency: OSt
- Transcribing agency: OSt
100 ## - HEADING--PERSONAL NAME
- Personal name: jounsingh AJT,
670 ## - SOURCE DATA FOUND
- Source citation: Work cat.: (OSt)16494: jounsingh AJT,, Field Days, 2006









